000 00331nam a22001457a 4500
008 221121b ||||| |||| 00| 0 eng d
020 _a0716712881
041 _aeng
080 _2THIRD EDITION
_a615
082 _a615 JUL
100 _a13
101 _aFARM
245 _aA PRIMER OF DRUG ACTION
_cJULIEN M .R
942 _2udc
_cBK
999 _c58985
_d58985